02210nam a22002777a 450000500170000000800410001702000180005804000070007604100120008308200220009510000240011724500630014126000310020430000360023536500570027152012610032865000230158965000230161265000290163565000260166465000260169070000370171694200120175399900190176595201480178420250102154043.0250102b ||||| |||| 00| 0 eng d a9780807043844 cAL aEnglish 223a973.072bZINY aHoward Zinn9192017 aYou Can't Be Neutral on a Moving Train: A Personal History aBostonbBeacon Pressc2018 axviii,214 p.bPBc22.7x15.5 cm. aXGIO-330989b₹1160.69c₹d₹1450.00f17-12-2024 aIf you’re both overcome and angered by the atrocities of our time, this will inspire a “new generation of activists and ordinary people who search for hope in the darkness” (Keeanga-Yamahtta Taylor). Is change possible? Where will it come from? Can we actually make a difference? How do we remain hopeful? Howard Zinn—activist, historian, and author of A People’s History of the United States—was a participant in and chronicler of some of the landmark struggles for racial and economic justice in US history. In his memoir, You Can’t Be Neutral on a Moving Train, Zinn reflects on more than thirty years of fighting for social change, from his teenage years as a laborer in Brooklyn to teaching at Spelman College, where he emerged in the civil rights movement as a powerful voice for justice. A former bombardier in World War II, he later became an outspoken antiwar activist, spirited protestor, and champion of civil disobedience. Throughout his life, Zinn was unwavering in his belief that “small acts, when multiplied by millions of people, can transform the world.” With a foreword from activist and scholar Keeanga-Yamahtta Taylor, this revised edition will inspire a new generation of readers to believe that change is possible. aHistorians9192005 aPhilosophy9192006 aSocial reformers9192007 aAutobiography9192008 aUnited States9192009 a Keeanga-Yamahtta Taylor9192010 2ddccBK c233448d233448 00102ddc40708HISaALbALd2024-12-28eamazon.ing1160.69l2o973.072 ZINYp077444r2026-04-09 09:42:44s2025-01-23v1450.00w2025-01-02yBK